Prevención del suicidio: directrices para la formulación y la aplicación de estrategias nacionales

Сохранить в:
Библиографические подробности
Соавтор: Naciones Unidas (Автор)
Формат:
Язык:испанский
Опубликовано: Nueva York Naciones Unidas 1997
Предметы:
Метки: Добавить метку
Нет меток, Требуется 1-ая метка записи!

MARC

LEADER 00000nam a2200000 a 4500
001 UCS5601
003 CL-VaPUC
008 970906e19970000US |||||||||||||||||spa|d
082 0 4 |a 364.152  |b NAC  |2 21 
110 2 |a Naciones Unidas  |e author  |9 391346 
245 1 0 |a Prevención del suicidio: directrices para la formulación y la aplicación de estrategias nacionales 
300 |a 31 p 
942 |c BK 
945 |d 19970906 00:00:00  |a jquezada 
260 |a Nueva York  |b Naciones Unidas  |c 1997 
650 7 |a SUICIDIO  |2 CL-VaPUC  |9 317374 
650 0 |a Aspectos sociales  |9 254894 
650 0 |a Trastornos mentales  |9 307475 
650 7 |a ESTADO DE ANIMO  |2 CL-VaPUC  |9 391347 
650 0 |a Psicología   |9 257863 
650 7 |a PREVENCION Y CONTROL  |2 CL-VaPUC  |9 259652 
650 7 |a PREVENCION Y RIESGO  |2 CL-VaPUC  |9 378591 
650 7 |a DERECHO PENAL  |2 CL-VaPUC  |9 11 
583 |a last modification  |c 19970906 00:00:00  |k Rodrigo Vera 
999 |c 261973  |d 261971 
952 |0 0  |1 0  |4 0  |6 364_152000000000000_NAC_1997  |7 0  |8 A  |9 290066  |a BIBGIM  |b BIBGIM  |d 2019-11-19  |i 3343987  |o 364.152 NAC 1997  |p 3343987  |r 2025-01-15  |w 2019-11-19  |y BK  |k SSL